| 000 | 02391cam a22003011i 4500 | ||
|---|---|---|---|
| 003 | SA-RiAUC | ||
| 005 | 20250630110630.0 | ||
| 008 | 250628s2005 le a g 00000 ara c | ||
| 020 | _a9953298645 | ||
| 020 | _a9799953298640 | ||
| 040 |
_aAE-AdMPA _bara _cSA-RiAUC _dKAC _erda |
||
| 043 | _aa-su--- | ||
| 082 | 0 | 4 |
_a953.121 _qSA-RiAUC |
| 090 |
_a953.121 _bز ع ز |
||
| 100 | 1 |
_aزعزوع، ليلى بنت صالح محمد _eمؤلف. |
|
| 245 | 1 | 0 |
_aمكة المكرمة : _bالتفاعل الحضاري في المكان المقدس / _cليلى بنت صالح محمد زعزوع. |
| 250 | _aالطبعة الأولى. | ||
| 264 | 1 |
_aبيروت : _bالدار العربية للعلوم، _c2005 |
|
| 300 |
_a156 صفحة : _bإيضاحيات ؛ _c24 سم |
||
| 336 |
_aنص _btxt _2rdacontent _3كتاب |
||
| 337 |
_aبدون وسيط _bn _2rdamedia |
||
| 338 |
_aمجلد _bnc _2rdacarrier |
||
| 520 | _aيتناول الكتاب التفاعل الحضاري لمكة المكرمة وقدسية مكانها. يركز الكتاب على كيفية انعكاس حركة الشعوب المسلمة وتفاعلها مع بيت الله الحرام، ويستعرض تأثير المكان على وجدان المسلمين عبر التاريخ، يتناول الكتاب عدة محاور رئيسية : قدسية المكان : يوضح الكتاب كيف أن قدسية مكة المكرمة ترتبط بعلاقة المكان بالناس وتأثيره العميق في وجدانهم، التفاعل الحضاري : يستعرض الكتاب التفاعل الحضاري لمكة المكرمة عبر العصور وكيف أثرت في الحضارات الإسلامية، التحديات الحضارية : يناقش الكتاب التحديات التي تواجه الأمة الإسلامية في العصر الحالي وأهمية مكة المكرمة في مواجهة هذه التحديات، الجذور التاريخية : يتناول الكتاب الجذور التاريخية لمكة المكرمة وكيفية تشبث المسلمين بماضيهم وحاضرهم ومستقبلهم من خلال هذا المكان المقدس. | ||
| 651 | 7 |
_aمكة المكرمة _xتاريخ _2aucsh |
|
| 651 | 7 |
_aمكة المكرمة _xحضارة _2aucsh |
|
| 942 |
_2ddc _cBOOK _n0 |
||
| 949 |
_aSA-JeALM _d250628 _umohamedma123 _n1 |
||
| 999 |
_c9299 _d9299 |
||